Lome convention and a new international economic order (Record no. 1173923)

MARC details
000 -LEADER
fixed length control field 00705nam a2200241Ia 4500
003 - CONTROL NUMBER IDENTIFIER
control field OSt
005 - DATE AND TIME OF LATEST TRANSACTION
control field 20221007100412.0
008 - FIXED-LENGTH DATA ELEMENTS--GENERAL INFORMATION
fixed length control field 221006b |||||||| |||| 00| 0 eng d
037 ## - SOURCE OF ACQUISITION
Terms of availability Monograhic Series
040 ## - CATALOGING SOURCE
Original cataloging agency LCO
Transcribing agency LCO
Language of cataloging eng
041 ## - LANGUAGE CODE
Source of code eng
Language code of text/sound track or separate title eng
100 ## - MAIN ENTRY--PERSONAL NAME
Personal name ALTING von GEUSAV F A M
9 (RLIN) 701622
245 #0 - TITLE STATEMENT
Title Lome convention and a new international economic order
260 ## - PUBLICATION, DISTRIBUTION, ETC.
Place of publication, distribution, etc. Leyden
Name of publisher, distributor, etc. Awisigth off
Date of publication, distribution, etc. 1977
300 ## - PHYSICAL DESCRIPTION
Extent 249
650 ## - SUBJECT ADDED ENTRY--TOPICAL TERM
Topical term or geographic name entry element LOME CONVENTION
9 (RLIN) 701623
942 ## - ADDED ENTRY ELEMENTS (KOHA)
Classification part V:19 (X)b1,N75, L7
Koha item type Reference
Holdings
Withdrawn status Lost status Damaged status Not for loan Home library Current library Date acquired Total Checkouts Full call number Barcode Date last seen Price effective from Koha item type
        Law Centre-I Library Law Centre-I Library 2022-10-07   V:19 (X)b1,N75 L7 LO0630271 2022-10-07 2022-10-07 Reference
Copyright @ Delhi University Library System